00313nam a22001217a 4500003000400000008004100004100002600045245005100071250000800122260003100130300000800161650002200169OSt201119b ||||| |||| 00| 0 eng d aCarter, Ronald Merac  aThe Routledge History of Literature in English a3rd aNew Delhib.Heritagec1997 a605 aB.A Hons. English